Statistics for Diplomatic Missions of the Philippines

Click here to take the quiz!

General Stats

  • This quiz has been taken 31 times
  • The average score is 118 of 157

Answer Stats

MissionAnswer% Correct
CountryBelgium
100%
CountryFrance
100%
CountryUnited States
100%
CountryVietnam
100%
CountryAustralia
96%
EmbassyBeijing
96%
EmbassyBrussels
96%
CountryChina
96%
EmbassyParis
96%
CountryThailand
96%
CountryTurkey
96%
CountryUnited Kingdom
96%
EmbassyBangkok
92%
CountryCanada
92%
Consulate GeneralGuangzhou
92%
EmbassyHanoi
92%
CountryJapan
92%
EmbassyLondon
92%
Consulate GeneralLos Angeles
92%
Consulate General | Permanent MissionNew York City
92%
Consulate GeneralShanghai
92%
CountrySwitzerland
92%
Consulate GeneralSydney
92%
EmbassyWashington D.C.
92%
EmbassyAnkara
88%
CountryArgentina
88%
CountryBrazil
88%
EmbassyCanberra
88%
Consulate GeneralDubai
88%
Consulate General | Permanent MissionGeneva
88%
CountryGermany
88%
CountryIndonesia
88%
CountryItaly
88%
Embassy | Permanent MissionJakarta
88%
CountryNew Zealand
88%
Consulate GeneralSan Francisco
88%
EmbassySeoul
88%
CountrySouth Korea
88%
EmbassyTokyo
88%
CountryUnited Arab Emirates
88%
EmbassyBerlin
83%
EmbassyBrasilia
83%
EmbassyBuenos Aires
83%
CountryIndia
83%
CountryIsrael
83%
Consulate GeneralIstanbul
83%
CountryMalaysia
83%
Consulate GeneralMelbourne
83%
CountryMexico
83%
EmbassyMexico City
83%
CountryNetherlands
83%
EmbassyNew Delhi
83%
EmbassyOttawa
83%
CountryPoland
83%
EmbassyRome
83%
CountryRussia
83%
CountrySpain
83%
Consulate GeneralToronto
83%
EmbassyAbu Dhabi
79%
CountryBahrain
79%
EmbassyBern
79%
EmbassyCairo
79%
Consulate GeneralChicago
79%
EmbassyCopenhagen
79%
EmbassyDoha
79%
Consulate GeneralHong Kong
79%
EmbassyKuala Lumpur
79%
EmbassyMadrid
79%
EmbassyMoscow
79%
Consulate GeneralOsaka
79%
CountryQatar
79%
EmbassyRiyadh
79%
CountrySaudi Arabia
79%
Country | EmbassySingapore
79%
Consulate GeneralVancouver
79%
EmbassyWarsaw
79%
EmbassyWellington
79%
EmbassyAthens
75%
Consulate GeneralBarcelona
75%
CountryCambodia
75%
CountryDenmark
75%
CountryEgypt
75%
CountryGreece
75%
EmbassyIslamabad
75%
CountryLaos
75%
CountryMyanmar
75%
CountryNorway
75%
CountryOman
75%
CountryPakistan
75%
EmbassyPhnom Penh
75%
CountrySouth Africa
75%
CountrySweden
75%
EmbassyTel Aviv
75%
CountryAustria
71%
CountryBrunei
71%
CountryIran
71%
EmbassyManama
71%
Consulate GeneralMilan
71%
EmbassyOslo
71%
CountryPortugal
71%
EmbassyTehran
71%
Consulate GeneralCalgary
67%
Consulate GeneralFrankfurt
67%
Consulate GeneralHonolulu
67%
Consulate GeneralJeddah
67%
EmbassyLisbon
67%
CountryMorocco
67%
EmbassyMuscat
67%
Consulate GeneralNagoya
67%
CountryPapua New Guinea
67%
EmbassyThe Hague
67%
EmbassyVienna
67%
Consulate GeneralXiamen
67%
EmbassyBaghdad
63%
EmbassyBandar Seri Begawan
63%
EmbassyBudapest
63%
CountryChile
63%
CountryHungary
63%
CountryIraq
63%
CountryKuwait
63%
EmbassyKuwait City
63%
Consulate GeneralMacau
63%
CountryNigeria
63%
EmbassyPort Moresby
63%
EmbassyPretoria
63%
CountryTimor Leste
63%
CountryVatican City
63%
EmbassyVientiane
63%
EmbassyYangon
63%
EmbassyAbuja
58%
EmbassyDili
58%
Consulate GeneralHouston
58%
CountryKenya
58%
CountryLebanon
58%
EmbassyRabat
58%
EmbassySantiago
58%
EmbassyAmman
54%
CountryBangladesh
54%
Consulate GeneralChongqing
54%
CountryCzech Republic
54%
EmbassyDhaka
54%
CountryJordan
54%
CountryLibya
54%
EmbassyNairobi
54%
EmbassyPrague
54%
EmbassyTripoli
54%
EmbassyDamascus
50%
CountrySyria
50%
Consulate GeneralManado
21%
EmbassyHadeth
13%
EmbassyLidingö
13%
Consulate GeneralTamuning
13%

Score Distribution

Percentile by Number Answered

Percent of People with Each Score

Your Score History

You have not taken this quiz